| 000 | 01133nam a22002657a 4500 | ||
|---|---|---|---|
| 005 | 20170124103216.0 | ||
| 010 | _aB-184632 | ||
| 020 |
_c275.00 _a818857172 |
||
| 035 | _aB-184632 | ||
| 037 | _bCen Lib/Ret | ||
| 040 |
_aDPL _bHN |
||
| 082 |
_a823.08 _bजिलेदा |
||
| 100 |
_aजिलेदार सिंह _999377 |
||
| 245 |
_aराही मासूम रज़ा : _cजिलेदार सिंह _bएक अध्ययन / |
||
| 246 |
_aRahi Masoom Raza : ek adhayan / _bby Jledar Singh |
||
| 260 |
_aकानपूर _bचिंतन प्रकाशन _c2005 |
||
| 270 |
_bकानपूर _a3A/119 आवास विकास, हंस्पुर्म _e280021 |
||
| 300 |
_a200पृ. _c20सेमी(सजिल्द ) |
||
| 500 | _aसन्दर्भ सूची शामिल | ||
| 650 |
_aसाहित्य -- जीवनी _x _z _999378 |
||
| 650 |
_aउर्दू -- जीवनी _999379 |
||
| 650 |
_aLiterature - Biography _999380 |
||
| 650 |
_aUrdu -- Biography _9511 |
||
| 942 |
_2ddc _cHN _h823.08 _mजिलेदा |
||
| 999 |
_c121559 _d121559 |
||